Southville International School and Colleges
Your cart is empty.
  • Cart
  • Lists
    Public lists Eva Luna New books Lux_list list_1
    Your lists Log in to create your own lists
  • Log in to your account
  • Your cookies
  • Search history
Southville International School and Colleges
  • Advanced search
  • Recent comments
  • Most popular
  • Libraries

Log in to your account

Log in with GOOGLE


If you do not have an external account, but do have a local account, you can still log in:

  1. Home
  2. MARC view: To kill a mockingbird
Normal view MARC view ISBD view

To kill a mockingbird (Record no. 10698)

[ view plain ]
MARC details
000 -LEADER
fixed length control field 00809nam a22003137a 4500
003 - CONTROL NUMBER IDENTIFIER
control field LC
005 - DATE AND TIME OF LATEST TRANSACTION
control field 20160308151245.0
008 - FIXED-LENGTH DATA ELEMENTS--GENERAL INFORMATION
fixed length control field 130909t xxu||||| |||| 00| 0 eng d
020 ## - INTERNATIONAL STANDARD BOOK NUMBER
International Standard Book Number 9780446310789
020 ## - INTERNATIONAL STANDARD BOOK NUMBER
International Standard Book Number 0446310786
050 ## - LIBRARY OF CONGRESS CALL NUMBER
Classification number PS 3562
Item number .L477 1960
082 ## - DEWEY DECIMAL CLASSIFICATION NUMBER
Classification number FIC L51k
Item number 1960
100 ## - MAIN ENTRY--PERSONAL NAME
Personal name Lee, Harper
245 ## - TITLE STATEMENT
Title To kill a mockingbird
Statement of responsibility, etc Harper Lee
260 ## - PUBLICATION, DISTRIBUTION, ETC. (IMPRINT)
Place of publication, distribution, etc Pennsylvana :
Name of publisher, distributor, etc J. B. Lippincott Company,
Date of publication, distribution, etc c1960.
300 ## - PHYSICAL DESCRIPTION
Extent 281 p. :
Other physical details ill. ;
Dimensions 17 cm.
650 ## - SUBJECT ADDED ENTRY--TOPICAL TERM
Topical term or geographic name as entry element Fathers and daughters
Form subdivision Fiction.
650 ## - SUBJECT ADDED ENTRY--TOPICAL TERM
Topical term or geographic name as entry element Trials (Rape)
650 ## - SUBJECT ADDED ENTRY--TOPICAL TERM
Topical term or geographic name as entry element Girls
650 ## - SUBJECT ADDED ENTRY--TOPICAL TERM
Topical term or geographic name as entry element Southern States
655 ## - INDEX TERM--GENRE/FORM
Genre/form data or focus term Domestic fiction.
655 ## - INDEX TERM--GENRE/FORM
Genre/form data or focus term Bildungsromans.
655 ## - INDEX TERM--GENRE/FORM
Genre/form data or focus term Legal stories.
942 ## - ADDED ENTRY ELEMENTS (KOHA)
Source of classification or shelving scheme Library of Congress Classification
Koha item type Books
Holdings
Withdrawn status Lost status Source of classification or shelving scheme Damaged status Home library Current library Shelving location Date acquired Source of acquisition Total Checkouts Total Renewals Full call number Barcode Checked out Date last seen Date checked out Copy number Price effective from Koha item type Public note
    Library of Congress Classification   Luxembourg Library Luxembourg Library Fiction Section 09/09/2013 Donation 13 12 PS 3562 .L477 1960 18884 10/14/2025 10/07/2025 10/07/2025 1 09/09/2013 Books LOST AND REPLACE BY: AURELIO RODOLFO GARCIA WITH SAME TITLE AY 2016-2017
    Library of Congress Classification   Luxembourg Library Luxembourg Library Fiction Section 09/09/2013   8   PS 3562 .L477 1960 15195 10/14/2025 10/07/2025 10/07/2025 2 09/09/2013 Books  
    Library of Congress Classification   Luxembourg Library Luxembourg Library Fiction Section 09/09/2013   17 4 PS 3562 .L477 1960 18882   03/11/2025 02/18/2025 3 09/09/2013 Books  
    Library of Congress Classification   Luxembourg Library Luxembourg Library Fiction Section 09/09/2013   4 3 PS 3562 .L477 1960 13988   10/02/2024 09/25/2024 4 09/09/2013 Books  

To kill a mockingbird

APA

Lee H., . (1960). To kill a mockingbird. Pennsylvana: J. B. Lippincott Company.

Chicago

Lee Harper, . 1960. To kill a mockingbird. Pennsylvana: J. B. Lippincott Company.

Harvard

Lee H., . (1960). To kill a mockingbird. Pennsylvana: J. B. Lippincott Company.

MLA

Lee Harper, . To kill a mockingbird. Pennsylvana: J. B. Lippincott Company. 1960.

  • Place hold
  • Print
  • Cite
  • Add to your cart (remove)
  • Save record
    BIBTEX Dublin Core MARCXML MARC (non-Unicode/MARC-8) MARC (Unicode/UTF-8) MARC (Unicode/UTF-8, Standard) MODS (XML) RIS
  • More searches
    Search for this title in:
    Other Libraries (WorldCat) Other Databases (Google Scholar) Online Stores (Bookfinder.com) Open Library (openlibrary.org)

Exporting to Dublin Core...

SOUTHVILLE LIBRARY

Southville International School and Colleges Library

1281 Tropical Ave. Cor. Luxembourg St., BF Homes International, Las Pinas City

Tel. No. 8256374 / 252358 Loc. 117/146

Powered by Koha